00671nam a2200217Ia 450000500170000000800410001704000190005804100120007708200150008924500460010426000390015030000090018944000440019850400190024265000230026170000210028485000100030594200070031599900170032295201140033920230206150247.0131103s9999 xx 000 0 und d aLoreto College aEnglish a820.9bFOR aFrom Blake to Byroncedited by Boris Ford aHarmondsworthbPenguin Booksc1957 av.5  aThe Pelical guide to English literature aIncludes index aEnglish Literature aFord, Boris, ed. aLCLIB cBK c20887d71366 00102ddc4070aMAINbMAINd2013-11-04l1o820.9 FOR 12317pB22892r2014-08-26s2014-08-25w2013-11-04yBKf